Govt. of
Madhya Pradesh

The Life and Times of Bhagat Singh (Record no. 63270)

MARC details
000 -LEADER
fixed length control field 00240nam a22000977a 4500
100 ## - MAIN ENTRY--AUTHOR NAME
Personal name Arya,Geeta
245 ## - TITLE STATEMENT
Title The Life and Times of Bhagat Singh
260 ## - PUBLICATION, DISTRIBUTION, ETC. (IMPRINT)
Place of publication Delhi
Name of publisher Arena Book Shop
Year of publication 2017
650 ## - SUBJECT ADDED ENTRY--TOPICAL TERM
Topical Term Childran Book
942 ## - ADDED ENTRY ELEMENTS (KOHA)
Koha item type Books
Holdings
Withdrawn status Lost status Damaged status Not for loan Home library Current library Date acquired Cost, normal purchase price Full call number Accession Number Price effective from Koha item type
        MACL MACL 18/09/2020 450.00 741.642 RRC000299 18/09/2020 Books